Modely alternatívnej ekonomiky

Prečo súčasný ekonomický a spoločenský model usporiadania sveta zlyháva a či k nemu existujú nejaké reálne alternatívy. Koncept decentralizovanej ekonomickej demokracie ako vitálna alternatíva, t. j. samosprávna a demokraticky riadená ekonomika, založená na kooperatívach (družstevnom spôsobe výroby)...

Descrizione completa

Salvato in:
Dettagli Bibliografici
Autore principale: Potisková, Ingrid
Natura: Capitolo di libro
Lingua:slovacco
Soggetti:
Tags: Aggiungi Tag
Nessun Tag, puoi essere il primo ad aggiungerne!!

MARC

LEADER 00000nla a2200000 4500
001 0239511
005 20240502073901.1
041 0 |a slo 
044 |a SK 
245 1 0 |a Modely alternatívnej ekonomiky  |c Ingrid Potisková 
520 |a Prečo súčasný ekonomický a spoločenský model usporiadania sveta zlyháva a či k nemu existujú nejaké reálne alternatívy. Koncept decentralizovanej ekonomickej demokracie ako vitálna alternatíva, t. j. samosprávna a demokraticky riadená ekonomika, založená na kooperatívach (družstevnom spôsobe výroby); socializmus aktualizovaný pre potreby 21. storočia. Globálne družstevnícke hnutie. Koncept sociálnej trojčlennosti. Koncept základného príjmu. Koncept bezúročnej ekonomiky. 
610 2 0 |a spoločnosť 
610 2 0 |a modely 
610 2 0 |a modely ekonomické 
610 2 0 |a demokracia 
610 2 0 |a socializmus 
610 2 0 |a vlastníctvo 
610 2 0 |a vlastníctvo spoločné 
610 2 0 |a kolektív 
610 2 0 |a družstvá 
610 2 0 |a družstevníctvo 
610 2 0 |a príjmy 
610 2 0 |a úrok 
100 1 |a Potisková, Ingrid